00507nam a22001937a 450000500170000001000110001702000100002803500110003803700160004904000120006508200130007724500480009026000410013827000400017930000210021965000170024065000380025770000180029520170124110158.0 a558062 c00.00 a558062 bCen Lib/Ret aDPLbEN a100bWHA aWhat i believe /cby A. J. Ayer...[et al.]. aLondonbGeorge Allen and Unwinc1966 aRuskin House, Meseum StreetbLondon a236p. c21cm(Hb) aChristianity aBelief and doubt -- christianity  a Ayer, A. J.